BOZP u zamestnávateľa z pohľadu daňových výdavkov

Starostlivosť o bezpečnosť a zdravie zamestnancov pri práci. Povinnosti zamestnávateľa a práva a povinnosti zamestnancov. Bezpečnosť a ochrana zdravia pri práci (BOZP) z pohľadu zákona o dani z príjmov. Pracovný odev a obuv zamestnancov ako osobný ochranný pracovný prostriedok.

Guardado en:
Detalles Bibliográficos
Autor principal: Mintál, Ján
Formato: Capítulo de libro
Lenguaje:eslovaco
Materias:
Etiquetas: Agregar Etiqueta
Sin Etiquetas, Sea el primero en etiquetar este registro!

MARC

LEADER 00000naa a2200000 4500
001 0280921
005 20240417075150.6
041 0 |a slo 
044 |a SK 
245 1 0 |a BOZP u zamestnávateľa z pohľadu daňových výdavkov  |c Ján Mintál 
520 |a Starostlivosť o bezpečnosť a zdravie zamestnancov pri práci. Povinnosti zamestnávateľa a práva a povinnosti zamestnancov. Bezpečnosť a ochrana zdravia pri práci (BOZP) z pohľadu zákona o dani z príjmov. Pracovný odev a obuv zamestnancov ako osobný ochranný pracovný prostriedok. 
610 2 0 |a bezpečnosť práce 
610 2 0 |a ochrana práce 
610 2 0 |a zamestnávatelia 
610 2 0 |a zamestnanci 
610 2 0 |a povinnosti zamestnávateľov 
610 2 0 |a povinnosti pracovníkov 
610 2 0 |a výdavky daňové 
610 2 0 |a dane z príjmov 
610 2 0 |a zákonník práce 
100 1 |a Mintál, Ján